000
00340pab a2200145 454500
008
180718b1985 xxu||||| |||| 00| 0 eng d
100
_a
Kumar, Tej B.
245
_a
Commonalities and contrasts
260
_c
1985
300
_a
20-4
362
_a
July-Sept.
650
_a
Rural - Urban Migration
773
_a
Vikas Varta
909
_a
17628
999
_c
17628
_d
17628